00836nam a22002297a 450000500170000001000140001702000110003103500130004203700130005508200130006824501220008126000390020327000350024230000250027750000490030265000300035165000200038170000230040194200270042499900170045195201380046820100805115058.0 aENG-98273 c280.00 aEN-81806 bDBAD/PUB a610.9515 aA heap of jewels of oral radiation :bkha-'thor rin-chin phun po of gyu-thog yon-tan mgon po /cedited by Archana Ray aKolkatabThe Asiatic Societyc2009 a1 Park StreetbKolkatae700016 axii,115p.c21cm (Hb) aIncludes bibliographial references and index aMedical, Preventive96574 aDiagnosis96575 aRay, Archana96576 2ddccENh610.9515mHEA c39381d39381 001040718NFICaDBADbDBADd2010-08-05eDBAD/PUBg280.00l0o610.9515 HEApEN-81806r2010-08-05 00:00:00t1v280.00w2010-08-05yEN